000 00312nam a2200133Ia 4500
008 191201s2014 xx 000 0 und d
100 _aHASANSAEED,S
245 0 _aAutomatic Control Systems
250 _aRep
260 _aN. delhi
_bS.K.Kataria
_c2014
300 _a663
650 _aB.Tech(ECE)
942 _2ddc
_cBK
_02
999 _c40
_d40